Statistieken voor Landen aan de Rode Zee

Klik hier om de quiz te nemen!

Algemene statistieken

  • Deze quiz is 775 keer genomen
  • De gemiddelde score is 7 van 8

Antwoordstatistieken

Land% Correct
Egypte
98%
Saoedi-Arabië
95%
Israël
92%
Jemen
91%
Jordanië
85%
Eritrea
84%
Djibouti
80%
Soedan
80%

Scoreverdeling

Percentiel versus Aantal Correcte Antwoorden

Procent van Mensen met Elke Score

Uw Scoregeschiedenis

U heeft deze quiz nog niet genomen